书目信息 |
| 题名: |
健身方法导引
|
|
| 作者: | 马卫平 , 严秋 编著 | |
| 分册: | ||
| 出版信息: | 北京 北京体育大学出版社 2000 |
|
| 页数: | 212页 | |
| 开本: | 20cm | |
| 丛书名: | ||
| 单 册: | ||
| 中图分类: | G806 | |
| 科图分类: | ||
| 主题词: | 体育锻炼--方法 , 田径运动--方法 | |
| 电子资源: | ||
| ISBN: | 7-81051-487-3 | |
| 000 | 00733nam0 2200229 45 | |
| 001 | 0401291447 | |
| 005 | 20040129145351.7 | |
| 010 | @a7-81051-487-3@dCNY12.00 | |
| 100 | @a20040129d2000 km y0chiy0120 ea | |
| 101 | 0 | @achi |
| 105 | @a z 000yy | |
| 200 | 1 | @a健身方法导引@AJian Shen Fang Fa Dao Yin@e田径是健身之本@ETian Jing Shi Jian Shen Zhi Ben@f马卫平,严秋编著@FMa Wei Ping,Yan Qiu Bian Zhu |
| 210 | @a北京@c北京体育大学出版社@d2000 | |
| 215 | @a212页@d20cm | |
| 517 | @a田径是健身之本@ATian Jing Shi Jian Shen Zhi Ben | |
| 606 | 0 | @a体育锻炼@x方法 |
| 606 | 0 | @a田径运动@x方法 |
| 690 | @aG806@v4 | |
| 701 | 0 | @a马卫平@4编著 |
| 701 | 0 | @a严秋@4编著 |
| 801 | @aCN@bTSTCL@c20040129 | |
| 905 | @b332987-991@dG806@f5@e128 | |
| 健身方法导引:田径是健身之本/马卫平,严秋编著.-北京:北京体育大学出版社,2000 |
| 212页;20cm |
| ISBN 7-81051-487-3:CNY12.00 |
| ● |
| 相关链接 |
|
|
|
|
正题名:健身方法导引
索取号:G806/128
 
预约/预借
| 序号 | 登录号 | 条形码 | 馆藏地/架位号 | 状态 | 备注 |
| 1 | 0332987 | 203329870 | 第四借阅区/ [索取号:G806/128] | 在馆 | |
| 2 | 0332988 | 203329889 | 第四借阅区/ [索取号:G806/128] | 在馆 | |
| 3 | 0332989 | 203329898 | 第四借阅区/ [索取号:G806/128] | 在馆 | |
| 4 | 0332990 | 203329905 | 第四借阅区/ [索取号:G806/128] | 在馆 | |
| 5 | 0332991 | 203329914 | 第一样本阅览室/ [索取号:G806/128] | 在馆 |